[Event "Madrid-ch Previa A 2014-2015"]
[Site "Madrid ESP"]
[Date "2015.02.04"]
[Round "3.16"]
[White "Martin-Consuegra Barrilero, Ja"]
[Black "Franco Rincon, David"]
[Result "0-1"]
[WhiteElo "1801"]
[BlackElo "1697"]
[PlyCount "170"]
[EventDate "2015.02.02"]
[EventType "swiss"]
[EventRounds "9"]
[EventCountry "ESP"]
[Source "lmi"]
[SourceDate "2015.02.02"]

1. d4 d5 2. Bf4 Nf6 3. e3 Bf5 4. c4 c6 5. Nc3 e6 6. Qb3 Qb6 7. Nf3 Nbd7 8. Be2
Be7 9. c5 Qxb3 10. axb3 O-O 11. h3 h6 12. b4 a6 13. O-O Rfe8 14. Ra2 Ne4 15.
Nxe4 Bxe4 16. Nd2 Bg6 17. Rfa1 Rac8 18. Nb3 f6 19. Bg4 Bd8 20. Na5 Bxa5 21.
bxa5 Bd3 22. Bd6 g6 23. b3 Kf7 24. Rd2 Bb5 25. h4 h5 26. Bd1 f5 27. f3 e5 28.
Kf2 Re6 29. g4 exd4 30. exd4 fxg4 31. f4 Rce8 32. Be5 Nf6 33. Bc2 Nd7 34. Re1
Kg8 35. Kg3 Rf8 36. Rf2 Rf7 37. f5 gxf5 38. Bxf5 Ree7 39. Re3 Nf6 40. Bg6 Ne4+
41. Bxe4 dxe4 42. Rxe4 Rxf2 43. Kxf2 Rf7+ 44. Bf4 Bd3 45. Re8+ Kg7 46. Ke3 Bg6
47. Be5+ Kh6 48. Rh8+ Bh7 49. Bf4+ Kg6 50. Rd8 Re7+ 51. Be5 Rf7 52. Rd6+ Kf5
53. Rd8 Ke6 54. Bf4 Bc2 55. b4 Rd7 56. Rf8 Kd5 57. Kd2 Bh7 58. Kc3 Ke4 59. Be5
Bg6 60. Rf4+ Ke3 61. Rf6 Bh7 62. Bd6 Be4 63. Be5 Rh7 64. Rf8 Bf3 65. Bg3 Ke2
66. Rd8 Kf1 67. Kd2 Kg2 68. Be5 g3 69. Rg8 Bg4 70. Re8 Rf7 71. Rh8 Kh3 72. Bxg3
Kxg3 73. Rh6 Bf3 74. Re6 Kxh4 75. Ke1 Bd5 76. Rg6 Kh3 77. Rh6 Re7+ 78. Kf2 h4
79. Rh8 Rf7+ 80. Ke3 Kg3 81. Rg8+ Kh2 82. Rg5 h3 83. Ke2 Bg2 84. Ke1 Kg1 85.
Ke2 h2 0-1

[Event "Madrid-ch Previa A 2014-2015"]
[Site "Madrid ESP"]
[Date "2015.02.04"]
[Round "3.17"]
[White "Del Noval Nemeshazi, Nesztor"]
[Black "Garcia Lopez, Pedro"]
[Result "0-1"]
[WhiteElo "1616"]
[BlackElo "1784"]
[PlyCount "50"]
[EventDate "2015.02.02"]
[EventType "swiss"]
[EventRounds "9"]
[EventCountry "ESP"]
[Source "lmi"]
[SourceDate "2015.02.02"]

1. e4 c5 2. Nf3 d6 3. d4 cxd4 4. Nxd4 Nc6 5. c4 Nf6 6. Nc3 a6 7. f3 h6 8. Be3
e6 9. Be2 Bd7 10. O-O Be7 11. Qd2 O-O 12. f4 Qc7 13. Rf3 Ng4 14. Rg3 Nxe3 15.
Qxe3 Nxd4 16. Qxd4 f6 17. f5 d5 18. fxe6 Bc5 19. Kh1 Bxd4 20. Nxd5 Qe5 21. exd7
Rad8 22. Bg4 Qxe4 23. Bf5 Qe5 24. Rb1 Kh8 25. Bd3 Rxd7 0-1

[Event "Madrid-ch Previa A 2014-2015"]
[Site "Madrid ESP"]
[Date "2015.02.04"]
[Round "3.18"]
[White "Montes De Santiago, Fernando"]
[Black "Lucia Carpintero, Oscar"]
[Result "1-0"]
[WhiteElo "1774"]
[BlackElo "1661"]
[PlyCount "45"]
[EventDate "2015.02.02"]
[EventType "swiss"]
[EventRounds "9"]
[EventCountry "ESP"]
[Source "lmi"]
[SourceDate "2015.02.02"]

1. d4 d5 2. c4 dxc4 3. Nf3 Nf6 4. g3 b6 5. Qa4+ Qd7 6. Qxc4 Ba6 7. Qb3 Nc6 8.
Bg2 Rd8 9. Nc3 Nxd4 10. Nxd4 Qxd4 11. Bc6+ Nd7 12. Bf4 e5 13. Rd1 Qc5 14. Bxd7+
Rxd7 15. Rxd7 Bc4 16. Qd1 Bd6 17. Rxd6 cxd6 18. Be3 Qc6 19. O-O d5 20. b3 d4
21. bxc4 Qxc4 22. Ne4 Qc6 23. Qc1 1-0

[Event "Madrid-ch Previa A 2014-2015"]
[Site "Madrid ESP"]
[Date "2015.02.04"]
[Round "3.20"]
[White "Canseco Arenas, Alfonso"]
[Black "Roman Garcia, Jose Luis"]
[Result "1-0"]
[WhiteElo "1733"]
[BlackElo "1469"]
[PlyCount "69"]
[EventDate "2015.02.02"]
[EventType "swiss"]
[EventRounds "9"]
[EventCountry "ESP"]
[Source "lmi"]
[SourceDate "2015.02.02"]

1. a3 e5 2. c4 Nf6 3. Nc3 c6 4. e3 d6 5. d4 exd4 6. Qxd4 Be7 7. Nf3 O-O 8. Be2
c5 9. Qd1 a6 10. O-O Nc6 11. h3 h6 12. Qc2 g6 13. Rd1 Be6 14. e4 Kg7 15. Be3
Qc7 16. Nd5 Bxd5 17. exd5 Ne5 18. Nxe5 dxe5 19. Qd2 Rfd8 20. f3 Bd6 21. Rac1 b5
22. Rc2 Rac8 23. Rdc1 Nd7 24. a4 Qb6 25. cxb5 axb5 26. b4 g5 27. Kh2 Rc7 28.
bxc5 Bxc5 29. Bxc5 Nxc5 30. d6 Rc6 31. Qd5 Rdc8 32. d7 Nxd7 33. Rxc6 Rxc6 34.
Rxc6 Qb7 35. Rg6+ 1-0

[Event "Madrid-ch Previa A 2014-2015"]
[Site "Madrid ESP"]
[Date "2015.02.04"]
[Round "3.22"]
[White "Ramos Antona, Enrique"]
[Black "Fernandez Rios, Jose Francisco"]
[Result "0-1"]
[WhiteElo "1630"]
[BlackElo "1715"]
[PlyCount "128"]
[EventDate "2015.02.02"]
[EventType "swiss"]
[EventRounds "9"]
[EventCountry "ESP"]
[Source "lmi"]
[SourceDate "2015.02.02"]

1. d4 Nf6 2. c4 e6 3. Nc3 Bb4 4. a3 Bxc3+ 5. bxc3 b6 6. f3 Ba6 7. e4 d5 8. cxd5
Bxf1 9. Kxf1 exd5 10. Qa4+ Qd7 11. Qxd7+ Kxd7 12. e5 Ng8 13. Ne2 Ne7 14. Bg5
Nbc6 15. Nf4 h6 16. Bxe7 Nxe7 17. Rc1 Rac8 18. Ke2 c5 19. g4 Rc7 20. Ke3 Rhc8
21. Nd3 cxd4+ 22. cxd4 Rc3 23. a4 R8c4 24. Rxc3 Rxc3 25. a5 bxa5 26. Kd2 Rc4
27. Nc5+ Kc6 28. Kd3 Ng6 29. Nb3 Kb5 30. Rb1 Rb4 31. Nd2 Rxb1 32. Nxb1 Kb4 33.
Nc3 Ne7 34. f4 a4 35. h4 a3 36. Kc2 Kc4 37. Ne2 Nc6 38. f5 Nb4+ 39. Kb1 Kd3 40.
e6 fxe6 41. fxe6 Nc6 42. Nf4+ Kxd4 43. Ng6 Ke4 44. e7 Nxe7 45. Nxe7 d4 46. Nc6
d3 47. Nb4 Ke3 48. Nd5+ Kf3 49. g5 hxg5 50. hxg5 d2 51. Nc3 Kf2 52. g6 Ke1 53.
Ka2 d1=Q 54. Nxd1 Kxd1 55. Kxa3 Ke2 56. Ka4 Kf3 57. Ka5 Kg4 58. Ka6 Kg5 59.
Kxa7 Kxg6 60. Kb6 Kf5 61. Kc5 Kf4 62. Kd4 g5 63. Kd3 Kf3 64. Kd2 Kf2 0-1

[Event "Madrid-ch Previa A 2014-2015"]
[Site "Madrid ESP"]
[Date "2015.02.04"]
[Round "3.23"]
[White "Rodriguez Bachiller, Luis"]
[Black "Beekhof Harmsen, Willen"]
[Result "1-0"]
[WhiteElo "1714"]
[BlackElo "1654"]
[PlyCount "97"]
[EventDate "2015.02.02"]
[EventType "swiss"]
[EventRounds "9"]
[EventCountry "ESP"]
[Source "lmi"]
[SourceDate "2015.02.02"]

1. Nf3 Nf6 2. c4 g6 3. Nc3 Bg7 4. d4 d6 5. e4 O-O 6. Be2 c6 7. O-O Qc7 8. Bg5
h6 9. Bd2 a6 10. Qc1 Kh7 11. Qc2 Re8 12. Rac1 Nbd7 13. b4 c5 14. dxc5 dxc5 15.
Nd5 Qb8 16. bxc5 Nxc5 17. Nb6 Nfxe4 18. Nxa8 Nxd2 19. Nxd2 Qxa8 20. Nb3 Bf5 21.
Qd2 Ne4 22. Qe3 h5 23. f4 e5 24. Qf3 exf4 25. Rfe1 Bg4 26. Qxf4 Bh6 27. Qxf7+
Bg7 28. Bxg4 Rf8 29. Qd5 Nf6 30. Qe6 Nxg4 31. h3 Rf6 32. Qd7 Nh6 33. Re7 Nf5
34. Re8 Qa7+ 35. c5 a5 36. a4 Qa6 37. Rf1 Qc6 38. Qxc6 Rxc6 39. Nxa5 Rxc5 40.
Nxb7 Rc7 41. Rb1 Rc2 42. Ree1 Nh4 43. Rb4 Rxg2+ 44. Kh1 Bc3 45. Re7+ Kh6 46.
Rxh4 Bf6 47. Kxg2 Bxe7 48. Re4 Bf6 49. a5 1-0

[Event "Madrid-ch Previa A 2014-2015"]
[Site "Madrid ESP"]
[Date "2015.02.04"]
[Round "3.24"]
[White "Jarne Anguita, Miguel"]
[Black "Leniz Martinez, Francisco"]
[Result "0-1"]
[WhiteElo "1431"]
[BlackElo "1702"]
[PlyCount "72"]
[EventDate "2015.02.02"]
[EventType "swiss"]
[EventRounds "9"]
[EventCountry "ESP"]
[Source "lmi"]
[SourceDate "2015.02.02"]

1. d4 d5 2. Nf3 c6 3. e3 Bf5 4. Bd3 Bxd3 5. Qxd3 Nf6 6. O-O e6 7. Nbd2 Nbd7 8.
b3 g6 9. Bb2 Bg7 10. c4 O-O 11. Rac1 Qe7 12. Rfe1 Rfc8 13. e4 dxe4 14. Nxe4
Nxe4 15. Rxe4 Qd8 16. Rce1 Nc5 17. Qd2 Nxe4 18. Rxe4 c5 19. Qf4 Qf6 20. Qd6 Qf5
21. Nd2 Rd8 22. Qc7 Rac8 23. Qxb7 cxd4 24. Bxd4 Bxd4 25. Rxd4 Rxd4 26. Qxc8+
Kg7 27. Nf1 Rd1 28. Qc7 Qf6 29. Qxa7 Qa1 30. g3 Rxf1+ 31. Kg2 Rg1+ 32. Kh3 Qf1+
33. Kh4 Qa1 34. c5 Qf6+ 35. Kh3 Qf5+ 36. Kh4 Qh5# 0-1

[Event "Madrid-ch Previa A 2014-2015"]
[Site "Madrid ESP"]
[Date "2015.02.04"]
[Round "3.25"]
[White "Morona Calvo, Virgilio"]
[Black "Villodre Miranda, Juan Alonso"]
[Result "0-1"]
[WhiteElo "1411"]
[BlackElo "1683"]
[PlyCount "59"]
[EventDate "2015.02.02"]
[EventType "swiss"]
[EventRounds "9"]
[EventCountry "ESP"]
[Source "lmi"]
[SourceDate "2015.02.02"]

1. e4 c5 2. Nf3 Nc6 3. Nc3 e5 4. d3 h6 5. Be2 d6 6. O-O g6 7. Be3 Bg7 8. a3
Nge7 9. Rb1 a5 10. Bd2 O-O 11. h3 f5 12. exf5 gxf5 13. Qc1 Kh7 14. Nd1 Ng6 15.
Ne3 f4 16. Nd5 Be6 17. c4 Bxd5 18. cxd5 Nce7 19. Qc4 Nf5 20. b4 axb4 21. axb4
b6 22. bxc5 bxc5 23. Rb7 Nd4 24. Nxd4 cxd4 25. Rfb1 Re8 26. Bf3 Re7 27. Be4
Rxb7 28. Rxb7 Rb8 29. Qb5 Rxb7 30. Qxb7 0-1

[Event "Madrid-ch Previa A 2014-2015"]
[Site "Madrid ESP"]
[Date "2015.02.04"]
[Round "3.26"]
[White "Garcia Carbonell, Francisco"]
[Black "Montejano Siguero, Sonia"]
[Result "1-0"]
[WhiteElo "1658"]
[BlackElo "1521"]
[PlyCount "39"]
[EventDate "2015.02.02"]
[EventType "swiss"]
[EventRounds "9"]
[EventCountry "ESP"]
[Source "lmi"]
[SourceDate "2015.02.02"]

1. e4 c5 2. Nc3 Nc6 3. d3 Nf6 4. g3 d6 5. Bg2 Bd7 6. Be3 g6 7. h3 Bg7 8. Qd2
Qb6 9. Nd1 O-O 10. f4 Be6 11. Nf3 Nd7 12. c3 Qa6 13. O-O f5 14. Ng5 Bxa2 15. b3
h6 16. Ne6 Rfc8 17. Rxa2 Qb6 18. exf5 Qxb3 19. Rb2 Qxc3 20. Nxc3 1-0

[Event "Madrid-ch Previa A 2014-2015"]
[Site "Madrid ESP"]
[Date "2015.02.04"]
[Round "3.27"]
[White "Jara Sanchez, Carlos"]
[Black "Rufo Yebra, Benito"]
[Result "1-0"]
[WhiteElo "1621"]
[BlackElo "1484"]
[PlyCount "101"]
[EventDate "2015.02.02"]
[EventType "swiss"]
[EventRounds "9"]
[EventCountry "ESP"]
[Source "lmi"]
[SourceDate "2015.02.02"]

1. e4 e5 2. f4 exf4 3. Nf3 d6 4. Bc4 Bg4 5. O-O Nc6 6. c3 Qd7 7. d4 g5 8. b4
Bg7 9. Qd3 h6 10. h4 Bf6 11. g3 Bh3 12. Re1 gxh4 13. Bxf4 hxg3 14. Bxg3 h5 15.
Nh2 Rh6 16. Kf2 Rg6 17. Rg1 Nh6 18. Nd2 Ng4+ 19. Nxg4 Rxg4 20. Qe3 O-O-O 21.
Be2 Bg5 22. Qd3 Rxg3 23. Kxg3 f5 24. Bxh5 Bxd2 25. Qxd2 fxe4 26. Qf4 Kb8 27.
Qxe4 Bf5 28. Qf4 Bd3 29. Rae1 Ne7 30. Qf7 Nf5+ 31. Kf2 Qxf7 32. Bxf7 c6 33. Rg8
Rxg8 34. Bxg8 Kc7 35. Bh7 b5 36. Re8 Be4 37. Rxe4 d5 38. Bxf5 dxe4 39. Bxe4 Kd6
40. Kf3 Ke6 41. Kf4 Kd6 42. Kf5 a6 43. Kf6 Kc7 44. Ke6 Kb6 45. Bxc6 a5 46. a3
a4 47. Kd7 Ka6 48. Kc7 Ka7 49. d5 Ka6 50. d6 Ka7 51. d7 1-0

[Event "Madrid-ch Previa A 2014-2015"]
[Site "Madrid ESP"]
[Date "2015.02.09"]
[Round "4.1"]
[White "Camarero Izquierdo, Juan Carlo"]
[Black "Corral Aragon, Juan Maria"]
[Result "0-1"]
[WhiteElo "1875"]
[BlackElo "1809"]
[PlyCount "110"]
[EventDate "2015.02.02"]
[EventType "swiss"]
[EventRounds "9"]
[EventCountry "ESP"]
[Source "lmi"]
[SourceDate "2015.02.02"]

1. d4 d5 2. Nc3 Nf6 3. Bg5 c6 4. Bxf6 exf6 5. Qd3 Qb6 6. O-O-O Bb4 7. e4 Bxc3
8. Qxc3 O-O 9. f3 Be6 10. Kb1 a5 11. h4 a4 12. a3 Nd7 13. g4 Rfc8 14. g5 c5 15.
exd5 cxd4 16. Qxd4 Bf5 17. Rh2 Qc7 18. Rdd2 Nc5 19. Ka2 Rd8 20. Bh3 Be6 21.
Bxe6 Nxe6 22. d6 Qc6 23. Qd5 Rac8 24. gxf6 g6 25. Nh3 Qa6 26. Qd3 Rc6 27. Qxa6
Rxa6 28. d7 Nf8 29. Rhe2 Rxd7 30. Rxd7 Nxd7 31. Re8+ Nf8 32. Rb8 Rxf6 33. Rxb7
Rxf3 34. Ng5 Rf2 35. c4 h6 36. Ne4 Rf4 37. Nd6 Ne6 38. Rb4 Nc5 39. Rb8+ Kg7 40.
Rb5 Nb3 41. c5 Rf1 42. Rxb3 axb3+ 43. Kxb3 Rc1 44. Nc4 Kf8 45. a4 Ke7 46. a5
Kd8 47. Kb4 Kc7 48. a6 g5 49. hxg5 hxg5 50. Ne3 Re1 51. Nd5+ Kc6 52. Nb6 g4 53.
Kc4 g3 54. b4 Rc1+ 55. Kd4 g2 0-1

[Event "Madrid-ch Previa A 2014-2015"]
[Site "Madrid ESP"]
[Date "2015.02.09"]
[Round "4.2"]
[White "Martos De La Vega, Alvar"]
[Black "Perea Blanco, David"]
[Result "1/2-1/2"]
[WhiteElo "1933"]
[BlackElo "1876"]
[PlyCount "98"]
[EventDate "2015.02.02"]
[EventType "swiss"]
[EventRounds "9"]
[EventCountry "ESP"]
[Source "lmi"]
[SourceDate "2015.02.02"]

1. d4 Nf6 2. c4 e6 3. Nc3 d5 4. cxd5 exd5 5. Bg5 Be7 6. e3 O-O 7. Bd3 h6 8. Bh4
Be6 9. Qc2 Nc6 10. a3 Rc8 11. b4 a5 12. b5 Nb8 13. Nge2 c5 14. dxc5 Nbd7 15. c6
bxc6 16. bxc6 Ne5 17. O-O Nxc6 18. Ba6 Rb8 19. Nf4 d4 20. Nxe6 fxe6 21. exd4
Qxd4 22. Bg3 Rb6 23. Ne2 Qc5 24. Qxc5 Bxc5 25. Bc4 Nd4 26. Nc3 Rc6 27. Bd3 Nb3
28. Ra2 Bxf2+ 29. Raxf2 Rxc3 30. Bb1 Rfc8 31. Be5 Rc1 32. Ba2 Rxf1+ 33. Rxf1 a4
34. Bxf6 gxf6 35. Rxf6 Rc1+ 36. Rf1 Rxf1+ 37. Kxf1 Kf7 38. Kf2 Nd4 39. Bb1 Kf6
40. Ke3 Ke5 41. g4 Nb5 42. Bc2 Nxa3 43. Bxa4 Nc4+ 44. Kf3 Nd2+ 45. Kg3 Ne4+ 46.
Kf3 Ng5+ 47. Kg3 Ne4+ 48. Kf3 Nd2+ 49. Kg3 Ne4+ 1/2-1/2

[Event "Madrid-ch Previa A 2014-2015"]
[Site "Madrid ESP"]
[Date "2015.02.09"]
[Round "4.3"]
[White "Rueda Maria, Ramiro"]
[Black "Fernandez Aransay, Fernando"]
[Result "1-0"]
[WhiteElo "1905"]
[BlackElo "1869"]
[PlyCount "97"]
[EventDate "2015.02.02"]
[EventType "swiss"]
[EventRounds "9"]
[EventCountry "ESP"]
[Source "lmi"]
[SourceDate "2015.02.02"]

1. Nf3 d5 2. d4 Nf6 3. c4 e6 4. Nc3 Be7 5. Bg5 O-O 6. e3 b6 7. cxd5 exd5 8. Bd3
Bb7 9. O-O Nbd7 10. Rc1 c5 11. Bb1 a6 12. Qb3 c4 13. Qc2 b5 14. a3 Ne4 15. Nxe4
dxe4 16. Bxe7 Qxe7 17. Nd2 Nf6 18. Rce1 Rfe8 19. Ba2 Rac8 20. Nb1 Qd6 21. Qe2
a5 22. Rc1 Ba6 23. Rfe1 Rc6 24. a4 bxa4 25. Bxc4 Qc7 26. Na3 Rb8 27. Rc2 Bxc4
28. Rxc4 Nd5 29. Rec1 Rxc4 30. Rxc4 Qd7 31. Qc2 Qe8 32. Nb5 Nb4 33. Qxa4 g6 34.
Nc3 Qd8 35. Nxe4 Nd3 36. Rc2 Nxb2 37. Qc6 Nd3 38. h3 Kg7 39. d5 Nb4 40. Qc3+
Kh6 41. Nf6 Nxc2 42. Ng4+ Kg5 43. Qe5+ f5 44. h4+ Kxh4 45. Nf6 Rb1+ 46. Kh2 Kg5
47. f4+ Kh6 48. g4 Kg7 49. Nd7+ 1-0

[Event "Madrid-ch Previa A 2014-2015"]
[Site "Madrid ESP"]
[Date "2015.02.09"]
[Round "4.4"]
[White "Saber, Salah"]
[Black "Santamaria Baeza, Adolfo"]
[Result "1-0"]
[WhiteElo "1866"]
[BlackElo "1892"]
[PlyCount "87"]
[EventDate "2015.02.02"]
[EventType "swiss"]
[EventRounds "9"]
[EventCountry "ESP"]
[Source "lmi"]
[SourceDate "2015.02.02"]

1. e4 e5 2. Nf3 Nc6 3. Nc3 Nge7 4. Bc4 Ng6 5. a3 Bc5 6. d3 h6 7. h3 Nd4 8. Na4
d6 9. Nxc5 dxc5 10. Be3 Qe7 11. c3 Ne6 12. g3 c6 13. b4 cxb4 14. axb4 b5 15.
Bb3 a6 16. h4 Nd8 17. h5 Nf8 18. Nh4 Nh7 19. Qe2 Nb7 20. f3 a5 21. bxa5 Rxa5
22. O-O Nf6 23. g4 Nxh5 24. Qh2 Rxa1 25. Rxa1 Nf4 26. Ra8 Nd6 27. Bxf4 Qb7 28.
Qa2 exf4 29. e5 g5 30. exd6 gxh4 31. Bxf7+ Kf8 32. Be6 Qb6+ 33. Kg2 Kg7 34.
Rxc8 Rxc8 35. Bxc8 Qe3 36. g5 Qc5 37. gxh6+ Kxh6 38. Qe6+ Kg7 39. Qe7+ Kg6 40.
Qe6+ Kg7 41. Qg4+ Kh8 42. Qxh4+ Kg7 43. Qg4+ Kh8 44. Be6 1-0

[Event "Madrid-ch Previa A 2014-2015"]
[Site "Madrid ESP"]
[Date "2015.02.09"]
[Round "4.6"]
[White "Baeza Escudero, Javier"]
[Black "Fernandez Garcia, Ignacio"]
[Result "0-1"]
[WhiteElo "1922"]
[BlackElo "1836"]
[PlyCount "66"]
[EventDate "2015.02.02"]
[EventType "swiss"]
[EventRounds "9"]
[EventCountry "ESP"]
[Source "lmi"]
[SourceDate "2015.02.02"]

1. e4 d6 2. d4 Nf6 3. Nc3 g6 4. f4 Bg7 5. Nf3 Bg4 6. h3 Bc8 7. Bd3 Nh5 8. O-O
Nc6 9. Ne2 e5 10. c3 Bd7 11. fxe5 dxe5 12. d5 Ne7 13. g4 Nf6 14. Nxe5 h5 15. g5
Nh7 16. Nxf7 Qc8 17. Nxh8 Bxh3 18. Nd4 Bxh8 19. Bb5+ c6 20. dxc6 Bxd4+ 21. cxd4
bxc6 22. Be2 Bxf1 23. Qxf1 Qe6 24. Bf3 Qd6 25. Be3 Rb8 26. Qf2 Rb5 27. d5 Qe5
28. Rd1 Rxb2 29. Rd2 Rb1+ 30. Kg2 Nxg5 31. Bd4 Qf4 32. dxc6 Rg1+ 33. Qxg1 Qxf3+
0-1

[Event "Madrid-ch Previa A 2014-2015"]
[Site "Madrid ESP"]
[Date "2015.02.09"]
[Round "4.7"]
[White "Cano Mercado, Francisco Manuel"]
[Black "Canseco Arenas, Alfonso"]
[Result "1-0"]
[WhiteElo "1886"]
[BlackElo "1733"]
[PlyCount "55"]
[EventDate "2015.02.02"]
[EventType "swiss"]
[EventRounds "9"]
[EventCountry "ESP"]
[Source "lmi"]
[SourceDate "2015.02.02"]

1. d4 Nf6 2. c4 c5 3. Nf3 g6 4. Nc3 cxd4 5. Nxd4 Bg7 6. e4 d6 7. f3 O-O 8. Be3
Nc6 9. Qd2 a6 10. g4 Ne5 11. Be2 Qc7 12. Nd5 Nxd5 13. cxd5 b5 14. Rc1 Qd7 15.
h4 Bb7 16. h5 Rac8 17. hxg6 Rxc1+ 18. Qxc1 fxg6 19. Qd2 Bc8 20. Bh6 Rf7 21.
Bxg7 Kxg7 22. Qh6+ Kg8 23. Ne6 Qe8 24. Ng5 Rg7 25. Nxh7 Nf7 26. Qh4 Qd8 27. Ng5
Nxg5 28. Qh8+ 1-0

[Event "Madrid-ch Previa A 2014-2015"]
[Site "Madrid ESP"]
[Date "2015.02.09"]
[Round "4.8"]
[White "Osorio Ramos, Francisco"]
[Black "Lozano Sanchez, Jose Antonio"]
[Result "1-0"]
[WhiteElo "1761"]
[BlackElo "1873"]
[PlyCount "113"]
[EventDate "2015.02.02"]
[EventType "swiss"]
[EventRounds "9"]
[EventCountry "ESP"]
[Source "lmi"]
[SourceDate "2015.02.02"]

1. d4 d5 2. c4 Nf6 3. Nc3 c6 4. e3 g6 5. Nf3 Bg7 6. Bd3 O-O 7. O-O Bg4 8. h3
Bxf3 9. Qxf3 e6 10. Qe2 Re8 11. Rd1 Nbd7 12. b3 Qc7 13. cxd5 exd5 14. Qc2 Nf8
15. Bd2 Ne6 16. Rac1 Qd7 17. b4 Bf8 18. Na4 Ng5 19. Nc5 Qc7 20. h4 Nge4 21.
Nxe4 Nxe4 22. Be1 Qd7 23. Qe2 a6 24. a4 Bd6 25. b5 axb5 26. axb5 Ra3 27. Ra1
Rea8 28. Rxa3 Rxa3 29. bxc6 Qxc6 30. Bxe4 dxe4 31. Qb2 Ra8 32. Rb1 Rb8 33. Bb4
Bxb4 34. Qxb4 Kg7 35. g4 Qe6 36. Kf1 Qxg4 37. Qd6 Rc8 38. Qe5+ Kg8 39. Qg3 Qxg3
40. fxg3 Rc3 41. Ke2 Rc7 42. Rb6 Kg7 43. g4 Kf8 44. g5 Ke8 45. Kf2 Kd8 46. Kg3
Re7 47. Kf4 Kc7 48. Rb4 Kc6 49. Rc4+ Kb5 50. Rc1 b6 51. d5 Kb4 52. d6 Rd7 53.
Ke5 Ka5 54. Rc7 Rd8 55. d7 b5 56. Kd6 b4 57. Rc8 1-0

[Event "Madrid-ch Previa A 2014-2015"]
[Site "Madrid ESP"]
[Date "2015.02.09"]
[Round "4.9"]
[White "Gonzalez Recas, Fernando"]
[Black "Lopez Heras, Arturo"]
[Result "0-1"]
[WhiteElo "1776"]
[BlackElo "1866"]
[PlyCount "60"]
[EventDate "2015.02.02"]
[EventType "swiss"]
[EventRounds "9"]
[EventCountry "ESP"]
[Source "lmi"]
[SourceDate "2015.02.02"]

1. e4 e5 2. d4 exd4 3. f4 Bb4+ 4. Bd2 Qe7 5. a3 Qxe4+ 6. Qe2 Qxe2+ 7. Bxe2 Bc5
8. Nf3 Nf6 9. b4 Bb6 10. c4 dxc3 11. Nxc3 O-O 12. Na4 Re8 13. Nxb6 axb6 14. h3
c5 15. Kd1 Nc6 16. b5 Ne7 17. Bd3 d5 18. Re1 Bd7 19. Ne5 c4 20. Nxd7 Nxd7 21.
Be2 Nc5 22. Bb4 Nf5 23. Ra2 Ne3+ 24. Kc1 d4 25. Bxc5 bxc5 26. Bf3 Re7 27. a4
Ra5 28. g4 Kf8 29. h4 b6 30. h5 Rea7 0-1

[Event "Madrid-ch Previa A 2014-2015"]
[Site "Madrid ESP"]
[Date "2015.02.09"]
[Round "4.10"]
[White "Franco Rincon, David"]
[Black "Jimenez Gonzalez, Marcos"]
[Result "1/2-1/2"]
[WhiteElo "1697"]
[BlackElo "1856"]
[PlyCount "50"]
[EventDate "2015.02.02"]
[EventType "swiss"]
[EventRounds "9"]
[EventCountry "ESP"]
[Source "lmi"]
[SourceDate "2015.02.02"]

1. b4 d5 2. Bb2 c6 3. e3 Nf6 4. Nf3 Bg4 5. a3 Nbd7 6. Be2 e6 7. O-O Bd6 8. d3
O-O 9. Nbd2 e5 10. h3 Bh5 11. c4 Qe7 12. c5 Bc7 13. Re1 Rfe8 14. Qa4 e4 15.
dxe4 Nxe4 16. Nxe4 dxe4 17. Nd2 Bxe2 18. Rxe2 Ne5 19. Qc2 Nd3 20. Bd4 Rad8 21.
Rd1 f5 22. Nb3 Ne5 23. Nd2 Kf8 24. Nf1 Nd3 25. g3 Be5 1/2-1/2

[Event "Madrid-ch Previa A 2014-2015"]
[Site "Madrid ESP"]
[Date "2015.02.09"]
[Round "4.11"]
[White "Dominguez Afonso, Ayraldo"]
[Black "Perez Cameselle, Francisco"]
[Result "1/2-1/2"]
[WhiteElo "1574"]
[BlackElo "1849"]
[PlyCount "102"]
[EventDate "2015.02.02"]
[EventType "swiss"]
[EventRounds "9"]
[EventCountry "ESP"]
[Source "lmi"]
[SourceDate "2015.02.02"]

1. e4 e5 2. Nf3 Nc6 3. Bb5 a6 4. Ba4 Nf6 5. O-O Be7 6. Re1 b5 7. Bb3 d6 8. h3
Na5 9. d4 Bb7 10. dxe5 dxe5 11. Nbd2 Nxb3 12. axb3 Bd6 13. Qe2 O-O 14. c4 c6
15. Rd1 Qe7 16. Nf1 Rfd8 17. Ng3 g6 18. Bg5 Qe6 19. Rac1 Be7 20. Rc3 Rxd1+ 21.
Qxd1 Rd8 22. Qe2 b4 23. Rd3 Rxd3 24. Qxd3 Nd7 25. Be3 c5 26. Nf1 f5 27. exf5
gxf5 28. Ng5 Bxg5 29. Bxg5 f4 30. f3 Nf8 31. Nd2 Qd7 32. Qxd7 Nxd7 33. Kf2 Kf7
34. g3 fxg3+ 35. Kxg3 Kg6 36. Be3 Kf5 37. Nf1 Bc6 38. Nh2 h5 39. h4 a5 40. Nf1
a4 41. bxa4 Bxa4 42. Nd2 Bc2 43. b3 Ke6 44. f4 Kf5 45. fxe5 Kxe5 46. Kf3 Kd6
47. Ne4+ Kc6 48. Nd2 Nf6 49. Kf4 Ng4 50. Bg1 Nf6 51. Be3 Ng4 1/2-1/2

[Event "Madrid-ch Previa A 2014-2015"]
[Site "Madrid ESP"]
[Date "2015.02.09"]
[Round "4.12"]
[White "Lopez Peral, Enrique"]
[Black "Boni De Aristizabal, Marco"]
[Result "1/2-1/2"]
[WhiteElo "1837"]
[BlackElo "1723"]
[PlyCount "120"]
[EventDate "2015.02.02"]
[EventType "swiss"]
[EventRounds "9"]
[EventCountry "ESP"]
[Source "lmi"]
[SourceDate "2015.02.02"]

1. Nf3 d5 2. b3 c5 3. e3 Nc6 4. Bb2 f6 5. d4 cxd4 6. exd4 Bg4 7. h3 Bh5 8. g4
Bf7 9. Bd3 e6 10. c4 Bb4+ 11. Bc3 Qa5 12. Qd2 Nge7 13. a3 Bxc3 14. Nxc3 a6 15.
Na4 Rd8 16. c5 Qxd2+ 17. Kxd2 Na5 18. Kc3 Nec6 19. Bc2 O-O 20. h4 e5 21. b4 Nc4
22. h5 Rfe8 23. Bf5 exd4+ 24. Nxd4 Nxd4 25. Kxd4 Re2 26. Rhe1 Rd2+ 27. Bd3 Ne5
28. Rxe5 fxe5+ 29. Ke3 Rxd3+ 30. Kxd3 Be6 31. f3 Kf7 32. Nc3 Kf6 33. Re1 g6 34.
hxg6 hxg6 35. Rh1 Rd7 36. a4 Kg5 37. b5 Kf4 38. Ke2 Rc7 39. Kf2 Rxc5 40. Ne2+
Kg5 41. bxa6 bxa6 42. Rb1 Rc6 43. Rb2 d4 44. Ng3 Bd5 45. Re2 Kf6 46. g5+ Ke6
47. f4 e4 48. Nxe4 Bxe4 49. Rxe4+ Kd5 50. Re5+ Kc4 51. f5 gxf5 52. Rxf5 Rg6 53.
Rf6 Rxg5 54. Rxa6 Rd5 55. Ra8 Kb4 56. a5 Rxa5 57. Rxa5 Kxa5 58. Ke2 Kb4 59. Kd3
Kc5 60. Ke2 Kc4 1/2-1/2

[Event "Madrid-ch Previa A 2014-2015"]
[Site "Madrid ESP"]
[Date "2015.02.09"]
[Round "4.13"]
[White "Roldan Garcia, Angel"]
[Black "Jimenez Jimenez, Darfo"]
[Result "1-0"]
[WhiteElo "1824"]
[BlackElo "1668"]
[PlyCount "107"]
[EventDate "2015.02.02"]
[EventType "swiss"]
[EventRounds "9"]
[EventCountry "ESP"]
[Source "lmi"]
[SourceDate "2015.02.02"]

1. e4 g6 2. d4 Bg7 3. Nc3 d6 4. Be3 Nd7 5. Qd2 a6 6. a4 Nb6 7. Nf3 Bg4 8. a5
Nd7 9. Be2 Bxf3 10. Bxf3 e5 11. O-O Ne7 12. Bh6 Bxh6 13. Qxh6 exd4 14. Qg7 Rg8
15. Qxd4 Nc6 16. Qd2 Nf6 17. Rfe1 Qd7 18. Nd5 Nxd5 19. exd5+ Ne5 20. Qg5 Kf8
21. Qh6+ Rg7 22. Re3 Re8 23. Be2 f5 24. Re1 Kg8 25. Bd3 Rge7 26. Qh4 Kf8 27.
Qh6+ Kg8 28. Qg5 Kf7 29. Qh4 Kf8 30. Qd4 Nf7 31. Rxe7 Rxe7 32. Rxe7 Qxe7 33.
Kf1 Qe5 34. Qxe5 Nxe5 35. Be2 Ke7 36. f4 Nd7 37. b4 Nf6 38. Bf3 Kd7 39. Ke2 Kc8
40. Kd3 Kd7 41. Kd4 Ne8 42. c4 Nf6 43. b5 axb5 44. cxb5 Kc8 45. Kc4 Nd7 46. g4
fxg4 47. Bxg4 Kd8 48. Bxd7 Kxd7 49. a6 bxa6 50. bxa6 Kc8 51. Kb5 Kb8 52. Kc6 h6
53. h4 h5 54. a7+ 1-0